Maurice

Furkejuvvon:
Bibliográfalaš dieđut
Váldodahkki: Foster Edward Morgan
Materiálatiipa: Girji
Giella:meroštallameahttun
Almmustuhtton: Milano Garzanti 1987
Fáddágilkorat: Lasit fáddágilkoriid
Eai fáddágilkorat, Lasit vuosttaš fáddágilkora!

MARC

LEADER 00000nam a2200000Ia 4500
001 29
003 NUMERAZIONE-ORIGINALE-BRESCIA
005 20260206230747.0
008 260206s9999 xx 000 0 und d
100 |a Foster Edward Morgan 
245 0 |a Maurice 
260 |a Milano 
260 |b Garzanti 
260 |c 1987 
942 |2 ddc  |c BK  |n 0 
952 |0 0  |1 0  |2 ddc  |4 0  |6 12  |7 0  |9 28207  |a BS  |b BS  |d 2026-02-06  |i 29  |l 0  |o 1-2-*  |r 2026-02-06 22:40:30  |w 2026-02-06  |x [REVISIONARE]  |y BK 
999 |c 23911  |d 23911